Statistics for Grey's Anatomy Characters

Click here to take the quiz!

General Stats

  • This quiz has been taken 733 times
    (685 since last reset)
  • The average score is 14 of 24

Answer Stats

HintAnswer% Correct
wife to Derek; best friend to ChristinaMeredith Grey
99%
former fiancee to Preston Burke; exwife to Owen HuntChristina Yang
80%
exwife to Alex Karev; cancer survivorIsobel Stevens
80%
joined the army; dies after bus accidentGeorge O'Malley
80%
exhusband to Christina; former army doctor; Chief of SurgeryOwen Hunt
80%
cheif of plastic surgery; died after the plane crashMark Sloan
80%
orthopedic surgeon; exwife to George; mother to SophiaCallie Torres
78%
Meredith's half-sister; died in the plane crashLexie Grey
78%
exwife to Derek; former lover to MarkAddison Montgomery
76%
pediatric attending; wife to Dr. Torres; lost a leg in the plane crashArizona Robbins
76%
Meredith's motherEllis Grey
71%
former Chief of surgeryRichard Webber
66%
Meredith's fatherThatcher Grey
61%
attending general surgeon; resident to MeredithMiranda Bailey
60%
replaced Preston Burke; former lover to CallieErica Hahn
58%
red head farm girl; originally from Mercy West; trauma surgeonApril Kepner
57%
plastic surgeon; originally from Mercy WestJackson Avery
56%
bartenderJoe
46%
Bailey's husband; anesthesiologistBen Warren
42%
attending neurosurgeon; proposes in an elevatorDerek Shephard
39%
veteranarianFinn Dandridge
14%
cardio surgeon with Asperger SyndromeVirgina Dixon
2%
Dr. Stevens daughter she gave up for adoptionHannah Klein
1%
psychiatristKatherine Wyatt
1%

Score Distribution

Percentile by Number Answered

Percent of People with Each Score

Your Score History

You have not taken this quiz since the last reset